|
|
|
|
| LEADER |
00000cam a2200000 7i4500 |
| 001 |
0000011771 |
| 005 |
20080118.0 |
| 008 |
071119 |
| 020 |
|
|
|a 9832661439
|
| 090 |
0 |
0 |
|a 005.369
|b ISM
|
| 100 |
0 |
|
|a Ismail Hashim
|
| 245 |
1 |
0 |
|a Microsoft excel :
|b managing sales and customers' debts with microsoft excel
|c Ismail Hashim
|
| 260 |
|
|
|a Selangor :
|b Venton Publishing ,
|c 2004
|
| 300 |
|
|
|a 1 Compact Disk
|
| 650 |
|
0 |
|a Computer
|x Study and teaching
|
| 999 |
|
|
|a 0001003180
|b Book
|c Adult Collection
|e Perbadanan Perpustakaan Awam Johor
|
| 999 |
|
|
|a 0001003182
|b Book
|c Adult Collection
|e Cawangan Batu Pahat
|
| 999 |
|
|
|a 0001003184
|b Book
|c Adult Collection
|e Cawangan Tmn. Ungku Tun Aminah
|
| 999 |
|
|
|a CD01003180
|b CD-ROM
|c REFERENCE
|e Perbadanan Perpustakaan Awam Johor
|
| 999 |
|
|
|a CD01003181
|b CD-ROM
|c REFERENCE
|e Perbadanan Perpustakaan Awam Johor
|
| 999 |
|
|
|a CD01003182
|b CD-ROM
|c REFERENCE
|e Perbadanan Perpustakaan Awam Johor
|
| 999 |
|
|
|a CD01003183
|b CD-ROM
|c REFERENCE
|e Perbadanan Perpustakaan Awam Johor
|
| 999 |
|
|
|a CD01003184
|b CD-ROM
|c REFERENCE
|e Perbadanan Perpustakaan Awam Johor
|